Bankrotové zápočty do 15. června. Konsorcium tří firem se pokusí zabránit dominovému efektu konkursů.
Príčiny odďaľovania zákona o konkurze a vyrovnaní t.j. zákona o bankrote v praxi. Metóda, ktorú volí štát na oddialenie bankrotovej vlny sa líši od podnikového manažmentu a má podobu medzipodnikových zápočtov vzájomných finančných pohľadávok. Tri firmy poverené prevedením zápočtovej operácie. Previa...
Saved in:
| Main Author: | |
|---|---|
| Format: | Book Chapter |
| Language: | Czech |
| Subjects: | |
| Tags: |
No Tags, Be the first to tag this record!
|
MARC
| LEADER | 00000naa a2200000 4500 | ||
|---|---|---|---|
| 001 | r013119 | ||
| 005 | 20221213083033.1 | ||
| 041 | 0 | |a cze | |
| 044 | |a CZ | ||
| 245 | 1 | 0 | |a Bankrotové zápočty do 15. června. |b Konsorcium tří firem se pokusí zabránit dominovému efektu konkursů. |c J. Bok |
| 520 | |a Príčiny odďaľovania zákona o konkurze a vyrovnaní t.j. zákona o bankrote v praxi. Metóda, ktorú volí štát na oddialenie bankrotovej vlny sa líši od podnikového manažmentu a má podobu medzipodnikových zápočtov vzájomných finančných pohľadávok. Tri firmy poverené prevedením zápočtovej operácie. Previazanosť zápočtovej operácie so slovenskými podnikmi. Účasť Investičnej banky pri započítavaní vzájomných pohľadávok a záväzkov. | ||
| 610 | 2 | 0 | |a bankrot |
| 610 | 2 | 0 | |a zákony |
| 610 | 2 | 0 | |a Česko |
| 610 | 2 | 0 | |a 1993 |
| 610 | 2 | 0 | |a štát |
| 610 | 2 | 0 | |a manažment |
| 610 | 2 | 0 | |a pohľadávky |
| 610 | 2 | 0 | |a konkurzy |
| 610 | 2 | 0 | |a konzorciá |
| 610 | 2 | 0 | |a Investičná banka ČR |
| 610 | 2 | 0 | |a záväzky |
| 610 | 2 | 0 | |a podnik |
| 100 | 1 | |a Bok, J. | |